000 00905nam a2200265 i 4500
003 DO-SdBNP
005 20240625134343.0
007 ta
008 240625b1996 sp ac||| |||| 00| 0 spa d
020 _a8478203338
040 _aDO-SdBNP
_bspa
_cBNPHU
_erda
082 4 _222
100 1 _aHernández Ruiz, Javier,
_eautor
_985800
245 1 0 _aMoncayo Films :
_buna aventura de producción cinematográfica en Zaragoza /
_cJavier Hernández Ruiz, Pablo Pérez Rubio ; guiones inéditos, Emilio Alfaro
264 _aEspaña :
_bC.S.I.C.,
_c1996.
300 _a260 páginas :
_bilustraciones y retratos ;
_c24 cm.
336 _2rdacontent
_atexto
_btxt
337 _2rdamedia
_asin mediación
_bn
338 _2rdacarrier
_avolumen
_bnc
590 _aInventariado, 2024/BT
700 1 _aPérez Rubio, Pablo,
_985801
700 1 _aAlfaro, Emilio,
_einéditos
_985802
910 _aBtavárez
942 _2ddc
_cLBS1
999 _c56980
_d56980